Musculoskeletal imaging handbook a guide for primary practitioners

সংরক্ষণ করুন:
গ্রন্থ-পঞ্জীর বিবরন
প্রধান লেখক: McKINNIN, Lynn N Mulligan Michael
বিন্যাস: গ্রন্থ
ভাষা:ইংরেজি
প্রকাশিত: F.A.Davis 2014
ট্যাগগুলো: ট্যাগ যুক্ত করুন
কোনো ট্যাগ নেই, প্রথমজন হিসাবে ট্যাগ করুন!

MARC

LEADER 00000nam a22000007a 4500
008 211230b ||||| |||| 00| 0 eng d
020 |a 9780803639171 
100 |a McKINNIN, Lynn N  |a Mulligan Michael 
245 |a Musculoskeletal imaging handbook  |b a guide for primary practitioners  |c Lynn N.Mckinnin, Michael Mulligan  |g xv, 811p;ill 
260 |b F.A.Davis  |c 2014  |h Philadephia  |i 697078  |i 697079  |l RC925.7.M19  |m Musculoskeletal system-Imaging - Handbooks, manuals, etc. 
500 |a it includes index 
942 |a lcc  |c BK  |e Johnson  |f 12/21 
952 |0 0  |1 0  |2 lcc  |4 0  |6 RC09257 M19  |7 0  |9 4034  |a HE  |b HOL  |c QZ  |d 2021-12-30  |l 0  |o RC925.7.M19  |p 2021-67758  |r 2021-12-30 00:00:00  |t 697078  |w 2021-12-30  |y BK 
952 |0 0  |1 0  |2 lcc  |4 0  |6 RC09257 M19  |7 0  |9 4035  |a HOL  |b HOL  |c QZ  |d 2021-12-30  |l 0  |o RC925.7.M19  |p 2021-67759  |r 2021-12-30 00:00:00  |t 697079  |w 2021-12-30  |y BK 
999 |c 2027  |d 2027